000 00590nam a2200169 i 4500
001 91288
003 ES-MaACL
005 20230906180702.0
007 t|
008 050128s1922 fr ||||1| fre d
100 1 _aLevaditi, C.
_971910
245 1 0 _aEctodermoses neurotropes
_b: poliomélite, encéphalite, herpés : etude clinique, epidemiologique, histo-pathologique et experimentale /
_cC. Levaditi ; préface de E. Roux.
260 _aParís :
_b[s.n.,
_c1922] (
_eLaval :
_fImp. Barnéond)
300 _a269 p. ;
_c25 cm.
700 1 _aRoux, E.
_9100104
852 _aES-MaACL
_jB-11353
999 _c91288
_d91288